Крит (Запис номер 209816)
[ съкратено ]
| 000 -Лидер | |
|---|---|
| Контролно поле с фиксирана дължина | 01392nkm a2200361 c 4500 |
| 003 - Код на организацията, давaща контролен номер | |
| Контролно поле | BLK |
| 005 - Дата и час на последна редакция | |
| Контролно поле | 20210211131408.0 |
| 008 - Елементи от данни с фиксирана дължина | |
| fixed length control field | 180412b bul rap|r|||| r0| ||bulo| |
| 010 ## - Наследен системен номер | |
| LC control number | KNG00157515000 |
| 040 ## - Източник на каталожния запис | |
| Идентификатор на билиотеката - собственик на записа | BLK |
| 041 ## - Код за език | |
| Код за езика на текст/звукозапис или на отделно заглавие | Български |
| Код за езика КДБФ | Български |
| 080 ## - УДК | |
| Текстов определител УДК | Архитектура |
| УДК код - определител по УДК | 72 |
| УДК определител | (38)(084) |
| УДК - код + определител | 72(38)(084) |
| 080 ## - УДК | |
| Текстов определител УДК | Пластични изкуства |
| УДК код - определител по УДК | 73 |
| УДК определител | (38)(084) |
| УДК - код + определител | 73(38)(084) |
| 139 ## - Редно поле | |
| Редна дума | Дзевановски, Анджей |
| Авторски знак | Джо - Д 52 |
| 245 10 - Сведения за заглавието | |
| Заглавие | Крит |
| Редно поле (дума) | сн. Анджей Дзевановски; текст Богдан Рутковски; прев. от пол. Люба Паликарова. |
| 257 ## - Страна на издаване | |
| Страна на създаване/издаване | Полша |
| 260 ## - Област на издателските данни | |
| Име на издателя, разпространителя и проч. | Бълг. художник |
| Година на издаване | 1978 |
| Място на издаване, разпространение и проч. | София |
| 300 ## - Физическа характеристика | |
| Страници | 88 с. |
| Илюстрации и др. | с ил. |
| Размери/Мащаб | 30 см |
| 380 ## - Жанр | |
| Жанр | Изкуство |
| 500 ## - Общи забележки | |
| Забележка | 2 110 тир. |
| 650 #4 - Допълнително описание по предмет – тема | |
| Основно описание – тема или топоним | Архитектура, антична |
| 9 (RLIN) | 277090 |
| 651 #4 - Допълнително описание по предмет - топоним | |
| Географско понятие | Древна Гърция |
| 9 (RLIN) | 242869 |
| 653 ## - Ключова дума – ненормативна | |
| Ключова дума | антични градове |
| 653 ## - Ключова дума – ненормативна | |
| Ключова дума | Крит |
| 700 1# - Други автори (авторска отговорност) | |
| Лично име | Дзевановски, Анджей |
| Автороска отговорност (Описва отношението между автора и произведението) | сн. |
| 9 (RLIN) | 61292 |
| 700 1# - Други автори (авторска отговорност) | |
| Лично име | Рутковски, Богдан |
| Автороска отговорност (Описва отношението между автора и произведението) | текст |
| 9 (RLIN) | 117878 |
| 700 1# - Други автори (авторска отговорност) | |
| Лично име | Паликарова, Люба |
| Автороска отговорност (Описва отношението между автора и произведението) | прев. от пол. |
| 9 (RLIN) | 387189 |
| 852 ## - Местоположение | |
| Форматна сигнатура | Цб ІІ 26431 |
| Фондова буква | Хранилище |
| 856 4# - Електронен адрес и достъп | |
| Електронен формат | pdf - файл |
| Път до файла /url/ | |
| 856 4# - Електронен адрес и достъп | |
| Електронен формат | pdf - файл |
| Път до файла /url/ | |
| 999 ## - СИСТЕМНИ КОНТРОЛНИ НОМЕРА | |
| Koha biblionumber | 209816 |
| Koha biblioitemnumber | 209816 |
| 942 ## - АРТИКУЛИ | |
| Вид на библиотечния материал | Графични издания |
| Скрит в OPAC | Не |
| Периодичен библиозапис | Да |
| 944 ## - СЪЗДАВАНЕ И РЕДАКЦИЯ на ЗАПИСА | |
| Създаване/Редакция | Създаване |
| Дата на регистрацията/редакция | 06.03.2014 |
| Статус, дата на статуса | 06.03.2014 - от С1,Р / 06.03.2014 |
| Служител, извършил регистрацията/редакцията | Камелия_Данева |
| 944 ## - СЪЗДАВАНЕ И РЕДАКЦИЯ на ЗАПИСА | |
| Създаване/Редакция | Редакция |
| Дата на регистрацията/редакция | 06.03.2014 |
| Статус, дата на статуса | 06.03.2014 - от С1,Р / 06.03.2014 |
| 999 ## - СИСТЕМНИ КОНТРОЛНИ НОМЕРА | |
| Koha biblioitemnumber | 209816 |
| Код за отписване | Код за изгубен артикул | Източник на класификационната схема | Код за повреда | Коз за рестрикции | Код за отдаване | Артикулен № | Име на библиотеката - собственик | Име на библиотеката, в която се намира в момента | Статус (Текущо местоположение) | Дата на вписване в системата | Местоположение - отдел | Цена в лева | Инвентарен номер | Систематично азбучна сигнатура | Баркод | Номер на екземпляра | Цена в евро | Служебна бележка | Служебен тип на артикула |
|---|---|---|---|---|---|---|---|---|---|---|---|---|---|---|---|---|---|---|---|
| Не е изгубен | Universal Decimal Classification | Не е повреден | само за читалня | ползва се в читалня | 361214 | Регионална библиотека "Любен Каравелов" Русе | Регионална библиотека "Любен Каравелов" Русе | Хранилище | 1978-01-01 | Хранилище | 6.00 | 278263 | Цб ІІ 26431 | 120000278263 | 1 | 3.07 | Дост: Dp Вид: Д N: стар фонд Дата: 01.01.1978 | Графични издания | |
| Не е изгубен | Universal Decimal Classification | Не е повреден | без рестрикции | заемане за дома | 361215 | Регионална библиотека "Любен Каравелов" Русе | Регионална библиотека "Любен Каравелов" Русе | Отдел Изкуство - подръчен фонд | 1978-01-01 | Отдел Изкуство - подръчен фонд | 6.00 | 280142 | 72/Д 52 | 120000280142 | 2 | 3.07 | Дост: Pk Вид: Ф N: стар фонд Дата: 01.01.1978 Дата инв: 03.06.2015 Бележки инв: ГрИ2015 | Графични издания |